000
00276nam a22001337a 4500
008
180213b xxu||||| |||| 00| 0 eng d
020
_a
3764351640
041
_a
eng
080
_a
72
100
_a
41
101
_a
ARK
245
_a
Anybody home?
_c
Aia,P.Z
942
_2
udc
_c
BK
999
_c
42372
_d
42372